Quizzes
Events
Quiz Creation
Community
Videos
Private Events
Remove Ads
Sign In
Join for FREE
Feedback
Dark Mode
Quiz Categories
Sports
Geography
Music
Movies
Television
Just For Fun
Miscellaneous
History
Literature
Language
Science
Gaming
Entertainment
Religion
Holiday
For Kids
Quiz Lab
Recent
Popular Today
Quiz Kudos Today
Editor Picks
Curator Picks
Quizzes by...
Day
Popularity
Type
Ratings
Length
Year
Community
Subscriptions
Recent Discussions
Orange Saloon
Badges
Playlists
Quests
Create
Leaderboards
Showdown
Live 5
Trivia Bingo
Activity
Puzzle Library
Sporcle Events
Private Events
Virtual Trivia
Globe League
Become a Host
Pub Owners
SporcleCon
Opinionation
Our Games
Videos
Blog
Mobile Apps
Partnerships
Remove Ads and Go Orange
Feedback
Movies
Disney
Marvel Cinematic Universe
Movie Resume
Movie Titles
Oscar
Actor
Actress
Director
Pixar
Role
Movie Quotes
Movie Characters
Box Office
Nominee
Best Picture
Star Wars
James Bond
Horror Movies
Movies
Disney
Marvel Cinematic Universe
Movie Resume
Movie Titles
Oscar
Actor
Actress
Director
Pixar
Role
Movie Quotes
Movie Characters
Box Office
Nominee
Best Picture
Star Wars
James Bond
Horror Movies
Random Quiz
Search Sporcle
×
Quiz Lab
Quiz Lab
Movies
Director
Type in answers that appear in a list
Type in answers that appear in a list
Classic
Best Score? Go Orange.
Film Festival Winners Stats
Can you name the top prize winners at the Big 3 European Film Festivals (Berlin, Cannes, Venice)?
By
kj315
10m
39 Questions
190 Plays
190 Plays
190 Plays
Comments
Comments
Give Quiz Kudos
Give Quiz Kudos
-
- Ratings
hide this ad
Replay
Link that replays current quiz
Next Quiz
Link to next quiz in quiz playlist
You Got
0%
They Got
Avg Score
45%
Avg Friend Score
Upgrade to see
Score Distribution
Jump to the score distribution portion of the page
Score
0/39
Timer
10:00
0
Plays Today
Prize
Film
% Correct
Palme d'Or
Amour
93.7%
Palme d'Or
The Tree of Life
90%
Palme d'Or
The White Ribbon
88.4%
Palme d'Or
The Pianist
82.6%
Palme d'Or
Elephant
80.5%
Golden Lion
Brokeback Mountain
78.9%
Palme d'Or
Dancer in the Dark
77.9%
Golden Bear
Magnolia
73.2%
Golden Bear
A Separation
72.1%
Golden Bear
Spirited Away
72.1%
Golden Lion
The Wrestler
69.5%
Palme d'Or
4 Months, 3 Weeks and 2 Days
67.9%
Palme d'Or
Fahrenheit 9|11
67.4%
Golden Lion
Somewhere
63.2%
Palme d'Or
The Wind That Shakes the Barley
60.5%
Palme d'Or
L'enfant
56.8%
Palme d'Or
Uncle Boonmee Who Can Recall His Past Lives
56.3%
Palme d'Or
The Class
53.7%
Golden Lion
Vera Drake
50.5%
Palme d'Or
The Son's Room
47.9%
Prize
Film
% Correct
Golden Lion
Lust, Caution
44.7%
Golden Lion
Monsoon Wedding
35.8%
Golden Lion
Faust
30.5%
Golden Lion
Pieta
28.9%
Golden Lion
The Return
28.4%
Golden Bear
Caesar Must Die
24.2%
Golden Bear
Head-On
22.6%
Golden Lion
Still Life
19.5%
Golden Lion
The Circle
17.9%
Golden Lion
Lebanon
17.4%
Golden Bear
The Milk of Sorrow
16.8%
Golden Lion
The Magdalene Sisters
16.3%
Golden Bear
Grbavica
15.8%
Golden Bear
Honey
13.7%
Golden Bear
Intimacy
13.2%
Golden Bear
The Elite Squad
12.6%
Golden Bear
In This World
7.4%
Golden Bear
Tuya's Marriage
4.7%
Golden Bear
U-Carmen eKhayelitsha
3.2%
Quiz Playlist
Details
Report
Send in Message
Add To Playlist
Classic:
Type in answers that appear in a list
Last Updated: Feb 16, 2017
Quiz Scoreboard
CHALLENGE
Sign Up to Join the Scoreboard
Show All
Scores
Hide
Comments
May contain spoilers
Recently Published
An Introduction to Baseball
by treessimontrees
Sports
5m
Movies - When Are They Set?
by FPL_Elf
Movies
5m
Popular People in 1961
by mucciniale
History
6m
More to Explore
Quiz From the Vault
Featured Blog Post
Where Did the Easter Bunny Come From?
hide this ad
You Might Also Like...
Tags
Director Quiz
Europe Quiz
anne
Berlin
Big 3
Festival
Prize
Venice
Winner
Today's Top Quizzes in Movies
Browse Movies
hide this ad
Today's Top Quizzes in Director
Browse Director
Top Contributed Quizzes in Movies
1
Pick 5 Posters: Directed by Spielberg
2
Multi-Oscar Nominations, One Movie, One Winner
3
12 Movies about Fictional 1960s Events
4
One Thing in Common: Movies
5
Sunday Crossword: Film Score Composers
6
One Thing in Common: Movies II
7
Pick 5 Posters: Lowest-Rated Spielberg
8
Three Word 'H' Movies Match Up
9
Three Word 'T' Movies Match Up
10
7-to-1: Pixar Characters
Explore More
Trending Topics
Kpop
Harry Potter
Disney
Crossword
NBA
Anime
Marvel
Song
NFL
Pokémon
WWE
The Office
Country
Soccer
Puzzle
hide this ad
More By:
kj315
Quiz
Plays
Rating
Category
Featured
Created
SAG Awards Nominees
682
4.00
Movies
Sep 18, 2012
SAG Nominees Best Actress
561
4.00
Movies
Sep 19, 2012
SAG Awards Best Supporting Actor Nominees
508
4.00
Movies
Sep 23, 2012
SAG Best Supporting Actress Nominees
259
Movies
Sep 20, 2012
Film Festival Winners
190
2.50
Movies
Sep 16, 2012
Go to Creator's Profile
Score Distribution
Quiz Creator Spotlight
kj315
Follow
Send a Message
Quizzes Created
-
Created Quiz Play Count
-
More By This Creator
Popular Quizzes Today
1
Find the Countries of Europe - No Outlines Minefield
2
Find the US States - No Outlines Minefield
3
The Countries of the World
4
Popular People in 1961
5
US States
6
1-10 Letter E Words III
7
Find the US States
8
One Thing in Common: World Cities II
More Movies Quizzes
3 Movie Threesomes
Published
Trending Quizzes
Risky Map Clicking: Least Populous States A-Z
1-10 Letter F Words
1-10 Letter G Words
One Thing in Common: United Kingdom
Risky Map Clicking: Next State Alphabetically
Recently Updated
Leaping Animals
pecheneg
Reality TV Shows (A-Z)
bhenderson79
Rickey Henderson's Hall of Fame Teammates
pecheneg
Champions League XIs: Arsenal
pecheneg
Quick Pick: Celebrities in WWE's Hall of Fame
aduchscher
A-Z Keypad Blitz II
pecheneg
Multiple Oscar Actors
pecheneg
Mystery Phrase Blitz: Oscar 'Best Actors'
pecheneg
F. Scott Fitzgerald Novels
LTH
Pick 3 Villains
ddd62291
Trending Topics
Disney
Kpop
Anime
Marvel
Harry Potter
Crossword
NBA
WWE
Song
Pokémon
Soccer
Country
NFL
Puzzle
The Office
Your Account Isn't Verified!
In order to create a playlist on Sporcle, you need to verify the email address you used during registration. Go to your
Sporcle Settings
to finish the process.
Report this User
Report this user for behavior that violates our
Community Guidelines
.
Details:
Send Report
Go to the Sporcle.com Mobile Site →
Comments